Metodología del derecho
Sábháilte in:
| Príomhchruthaitheoir: | |
|---|---|
| Formáid: | LEABHAR |
| Teanga: | Spáinnis |
| Foilsithe / Cruthaithe: |
Barcelona
Bosch
1959
|
| Ábhair: | |
| Clibeanna: |
Cuir clib leis
Níl clibeanna ann, Bí ar an gcéad duine le clib a chur leis an taifead seo!
|
MARC
| LEADER | 00000nam a2200000 a 4500 | ||
|---|---|---|---|
| 001 | UCS9795 | ||
| 003 | CL-VaPUC | ||
| 008 | 971121e19590000SP |||||||||||||||||spa|d | ||
| 082 | 0 | 4 | |a 340.11 |b BAD |2 21 |
| 100 | 0 | |a Badenes Gasset, Ramón |e author |9 395105 | |
| 245 | 1 | 0 | |a Metodología del derecho |
| 300 | |a 457 p | ||
| 942 | |c BK | ||
| 945 | |d 19971121 00:00:00 |a cmena | ||
| 260 | |a Barcelona |b Bosch |c 1959 | ||
| 650 | 0 | |a Filosofía del derecho |9 255050 | |
| 650 | 0 | |a Teoría del derecho |9 255982 | |
| 650 | 0 | |a Normas jurídicas |9 258310 | |
| 650 | 0 | |a Derecho natural |9 255041 | |
| 650 | 0 | |a Derecho positivo |9 255911 | |
| 650 | 0 | |a Dogmática jurídica |9 337910 | |
| 650 | 0 | |a Escuelas filosóficas |9 266232 | |
| 650 | 0 | |a Racionalismo |9 259116 | |
| 650 | 7 | |a FORMALISMO |2 CL-VaPUC |9 337281 | |
| 650 | 0 | |a Derecho privado |9 258243 | |
| 650 | 0 | |a Teleología |9 325013 | |
| 650 | 0 | |a Estado y derecho |9 255403 | |
| 650 | 0 | |a Jurisprudencia |9 255952 | |
| 650 | 0 | |a Etica y derecho |9 341370 | |
| 650 | 0 | |a Interpretación de la ley |9 257376 | |
| 650 | 7 | |a LEY METODOS DE ENSEÑANZA |2 CL-VaPUC |9 395106 | |
| 583 | |a last modification |c 19971121 00:00:00 |k Rodrigo Vera | ||
| 999 | |c 263554 |d 263552 | ||
| 952 | |0 0 |1 0 |4 0 |6 340_110000000000000_BAD_1959 |7 0 |8 DER_TF |9 292887 |a BIBDER |b BIBDER |d 2019-11-19 |i 190678K |l 1 |o 340.11 BAD 1959 |p 190678K |r 2023-01-25 |s 2020-03-17 |w 2019-11-19 |x Ubicación 4to Piso |y BK |z Estos recursos deben solicitarse con anticipación |k DER | ||